Finite group theory (Record no. 162674)

MARC details
000 -LEADER
fixed length control field 00369nam a2200145Ia 4500
008 - FIXED-LENGTH DATA ELEMENTS--GENERAL INFORMATION
fixed length control field 230917s9999||||xx |||||||||||||| ||und||
040 ## - CATALOGING SOURCE
-- 189649
Original cataloging agency VIVEKANANDA LIBRARY
041 ## - Language
-- English
082 ## - DDC NUMBER
Classification number 512.23 I1F
100 ## - MAIN ENTRY--PERSONAL NAME
Personal name Isaacs, I Martin
245 #0 - TITLE STATEMENT
Title Finite group theory
260 ## - PUBLICATION, DISTRIBUTION, ETC. (IMPRINT)
Place of publication, distribution, etc Providence
Name of publisher, distributor, etc American Mathematical Society
Date of publication, distribution, etc 2011
300 ## - PHYSICAL DESCRIPTION
Pages ix, 351 p.
942 ## - ADDED ENTRY ELEMENTS (KOHA)
Koha item type Books
Holdings
Withdrawn status Lost status Damaged status Not for loan Location (home branch) Sublocation or collection (holding branch) Date acquired Koha issues (times borrowed) Koha full call number Accession No. Koha date last seen Koha item type
        VIVEKANANDA LIBRARY VIVEKANANDA LIBRARY 28/09/2011   512.23 I1F 298150 17/09/2023 Books
        VIVEKANANDA LIBRARY VIVEKANANDA LIBRARY 28/09/2011   512.23 I1F 298151 17/09/2023 Books
        VIVEKANANDA LIBRARY VIVEKANANDA LIBRARY 28/09/2011   512.23 I1F 298152 17/09/2023 Books
        VIVEKANANDA LIBRARY VIVEKANANDA LIBRARY 28/09/2011   512.23 I1F 298153 17/09/2023 Books
        VIVEKANANDA LIBRARY VIVEKANANDA LIBRARY 28/09/2011   512.23 I1F 298154 17/09/2023 Books
© Designed and Maintained by Vivekananda Library, MDU Rohtak